<?xml version="1.0" encoding="UTF-8"?>
<record
    xmlns:xsi="http://www.w3.org/2001/XMLSchema-instance"
    xsi:schemaLocation="http://www.loc.gov/MARC21/slim http://www.loc.gov/standards/marcxml/schema/MARC21slim.xsd"
    xmlns="http://www.loc.gov/MARC21/slim">

  <leader>00889nam a2200181   4500</leader>
  <datafield tag="999" ind1=" " ind2=" ">
    <subfield code="c">2949</subfield>
    <subfield code="d">2949</subfield>
  </datafield>
  <controlfield tag="001">3619</controlfield>
  <controlfield tag="005">20190920144455.0</controlfield>
  <controlfield tag="008">190920b           ||||| |||| 00| 0 eng d</controlfield>
  <datafield tag="020" ind1="0" ind2="0">
    <subfield code="a">9789993614487</subfield>
  </datafield>
  <datafield tag="090" ind1="0" ind2="0">
    <subfield code="a">945.98092 K521-4 2008</subfield>
  </datafield>
  <datafield tag="245" ind1="0" ind2="0">
    <subfield code="a">&#xF60;&#xF56;&#xFB2;&#xF74;&#xF42;&#xF0C;&#xF56;&#xF62;&#xF92;&#xFB1;&#xF74;&#xF51;&#xF0C;&#xF60;&#xF5B;&#xF72;&#xF53;&#xF0C;&#xF42;&#xFB1;&#xF72;&#xF0C;&#xF62;&#xF92;&#xFB1;&#xF63;&#xF0C;&#xF58;&#xF46;&#xF7C;&#xF42;&#xF0C;&#xF56;&#xF5E;&#xF72;&#xF0C;&#xF54;&#xF0C;&#xF58;&#xF72;&#xF0C;&#xF51;&#xF56;&#xF44;&#xF0C;&#xF60;&#xF47;&#xF72;&#xF42;&#xF66;&#xF0C;&#xF58;&#xF7A;&#xF51;&#xF0C;&#xF66;&#xF7A;&#xF44;&#xF0C;&#xF42;&#xF7A;&#xF0C;&#xF51;&#xF56;&#xF44;&#xF0C;&#xF55;&#xFB1;&#xF74;&#xF42;&#xF0C;&#xF58;&#xF46;&#xF7C;&#xF42;&#xF0C;&#xF42;&#xF72;&#xF0C;&#xF62;&#xF9F;&#xF7C;&#xF42;&#xF66;&#xF0C;&#xF56;&#xF62;&#xF97;&#xF7C;&#xF51;&#xF0C;&#xF51;&#xF7A;&#xF56;&#xF0C;&#xF50;&#xF7A;&#xF62;&#xF0C;&#xF46;&#xF7A;&#xF53;&#xF0C;&#xF58;&#xF7C;&#xF0C;&#xF56;&#xF5E;&#xF74;&#xF42;&#xF66;&#xF0C;&#xF66;&#xF7C;&#xF0D;</subfield>
  </datafield>
  <datafield tag="246" ind1=" " ind2=" ">
    <subfield code="a">[Biography of 4th King Jigme Singye Wangchuck]. </subfield>
  </datafield>
  <datafield tag="260" ind1="0" ind2="0">
    <subfield code="a">[Thimphu] :</subfield>
    <subfield code="b">Centre for Bhutan Studies,</subfield>
    <subfield code="c">2008.</subfield>
  </datafield>
  <datafield tag="300" ind1="0" ind2="0">
    <subfield code="a">417 p. ; 25 cm.</subfield>
  </datafield>
  <datafield tag="600" ind1=" " ind2=" ">
    <subfield code="a">Jigme Singye Wangchuck, </subfield>
    <subfield code="c">4th King of Bhutan.</subfield>
  </datafield>
  <datafield tag="651" ind1=" " ind2=" ">
    <subfield code="a">Bhutan --Kings and rulers --Biography.</subfield>
  </datafield>
  <datafield tag="942" ind1=" " ind2=" ">
    <subfield code="2">ddc</subfield>
    <subfield code="c">DZONGKHA</subfield>
  </datafield>
  <datafield tag="952" ind1=" " ind2=" ">
    <subfield code="0">0</subfield>
    <subfield code="1">0</subfield>
    <subfield code="2">ddc</subfield>
    <subfield code="4">0</subfield>
    <subfield code="7">0</subfield>
    <subfield code="8">DZONGKHA</subfield>
    <subfield code="a">RTCLIB</subfield>
    <subfield code="b">RTCLIB</subfield>
    <subfield code="c">DZONGKHA</subfield>
    <subfield code="d">2025-05-15</subfield>
    <subfield code="h"> </subfield>
    <subfield code="l">4</subfield>
    <subfield code="m">1</subfield>
    <subfield code="o">954.98 DRU</subfield>
    <subfield code="p">30005673</subfield>
    <subfield code="r">2025-10-30 00:00:00</subfield>
    <subfield code="s">2025-09-17</subfield>
    <subfield code="w">2018-11-27</subfield>
    <subfield code="y">DZONGKHA</subfield>
  </datafield>
  <datafield tag="952" ind1=" " ind2=" ">
    <subfield code="0">0</subfield>
    <subfield code="1">0</subfield>
    <subfield code="2">ddc</subfield>
    <subfield code="4">0</subfield>
    <subfield code="7">0</subfield>
    <subfield code="8">RCSC</subfield>
    <subfield code="a">RTCLIB</subfield>
    <subfield code="b">RTCLIB</subfield>
    <subfield code="c">RCSC </subfield>
    <subfield code="d">2021-02-26</subfield>
    <subfield code="h">14784</subfield>
    <subfield code="l">0</subfield>
    <subfield code="o">954.98 DRU</subfield>
    <subfield code="p">30014352</subfield>
    <subfield code="r">2021-02-26 00:00:00</subfield>
    <subfield code="w">2021-02-26</subfield>
    <subfield code="y">RCSC BOOKS</subfield>
  </datafield>
</record>
